El río que baja cantando. Estudio etnomusicológico sobre romances de tradición oral del Atrato medio.
保存先:
| 第一著者: | |
|---|---|
| その他の著者: | , , |
| フォーマット: | 図書 |
| 出版事項: |
Medellín, Colombia:
Universidad de Antioquia, Facultad de Artes,
2015.
|
| 版: | Primera edición |
| シリーズ: | Colección de textos sobre pensamiento y creación en las artes.
|
| 主題: | |
| タグ: |
タグ追加
タグなし, このレコードへの初めてのタグを付けませんか!
|
MARC
| LEADER | 00000nam a22000007a 4500 | ||
|---|---|---|---|
| 003 | CL-VaPUC | ||
| 005 | 20221111133057.0 | ||
| 008 | 220928t2015 ||||| |||| 00| 0 eng d | ||
| 999 | |c 438990 |d 438988 | ||
| 020 | |a 978-958-8890-24-1 | ||
| 040 | |c Pontificia Universidad Católica de Valparaíso | ||
| 082 | 0 | 4 | |2 22 |a 781.62861 TOB 2015 |
| 100 | 1 | |a Tóbon Restrepo, Alejandro |9 877185 |e autor | |
| 245 | 1 | 3 | |a El río que baja cantando. |b Estudio etnomusicológico sobre romances de tradición oral del Atrato medio. |
| 250 | |a Primera edición | ||
| 260 | |a Medellín, Colombia: |b Universidad de Antioquia, Facultad de Artes, |c 2015. | ||
| 300 | |a 232 páginas. | ||
| 490 | 0 | |a Colección de textos sobre pensamiento y creación en las artes. |n 6. | |
| 500 | |a c.1. Donación profesora Laura Jordán. Memo Mus 14/09/2022. | ||
| 583 | |c 20220928 |k Catalogador Asistente | ||
| 650 | 1 | |a Música folklórica colombiana |x Historia y crítica |z Río Atrato, Colombia |9 877352 | |
| 650 | 1 | |a Romances colombianos |x Critica e interpretación |z Río Atrato, Colombia |9 877353 | |
| 651 | |a Río Atrato, Colombia |x Vida y costumbres |y Siglo 21 |9 877356 | ||
| 700 | |a Ochoa Escobar, Federico |e autor |9 877192 | ||
| 700 | |a Serna Gallego, Julián |e autor |9 877193 | ||
| 700 | |a López Marín, Sara |e autora |9 877194 | ||
| 942 | |2 ddc |c BK | ||
| 952 | |0 0 |1 0 |2 ddc |4 0 |6 781_628610000000000_TOB_2015 |7 0 |8 A |9 586887 |a BIBEDU |b BIBEDU |c GEN |d 2022-09-28 |e Donación |i 5654844 |o 781.62861 TOB 2015 |p 5654844 |r 2023-01-12 |t 1 |w 2022-09-28 |y BK |k MUS | ||